000 01515nam a2200313 i 4500
001 151508
003 ES-MaACL
005 20250727053336.0
008 931025s1783 sp a |||| | lat d
100 1 _aAntonio, Nicolás,
_d1617-1684
_921980
245 1 0 _aBibliotheca Hispana nova sive hispanorum scriptorum qui ab anno MD ad MDCLXXXIV floruere notitia /
_cauctore D. Nicolao Antonio ... ; tomus primus.
250 _aNunc primum prodit
_brecognita emendata aucta ab ipso auctore.
260 _aMatriti :
_bapud Joachinum de Ibarra ...,
_c1783.
300 _a[12], XXIII, 830 p., [2] h. grab. :
_bil. ;
_cFol.
530 _aDisponible en formato digital.
594 _aMención de ed. precede a número de parte.
596 _aColofón.
597 _aSign.: [ ]\p2\s, A\p4\s, a-c\p4\s, A-Z\p4\s, 2A-2Z\p4\s, 3A-3Z\p4\s, 4A-4Z\p4\s, 5A-5L\p4\s, 5M\p3\s.
597 _aAntep.
597 _aTexto a dos col.
599 _aPort. grab. calc.: "Raf. Ximeno lo inv. y dib., Mariano Brandi lo grabó"
599 _aLas h. de grab. calc. de Ferd. Selma y R. Ximeno, son retratos del autor y de Carlos III.
650 4 _aEscritores españoles-
_yS.XVI-XVII-
_vBiobibliografías.
_9166271
700 1 _aIbarra, Joaquín,
_d1725-1785
_9172326
752 _aEspaña -
_dMadrid
852 _aES-MaACL
_jR-126
_z- Enc. pasta española, haciendo un dibujo en forma de rombos
856 _uhttp://bdh-rd.bne.es/viewer.vm?id=0000007573&page=1
_zBiblioteca Digital Hispánica
999 _c151508
_d151508